| 000 -LEADER |
| fixed length control field |
01301cam a22003374a 4500 |
| 001 - CONTROL NUMBER |
| control field |
15024310 |
| 003 - CONTROL NUMBER IDENTIFIER |
| control field |
Nust |
| 005 - DATE AND TIME OF LATEST TRANSACTION |
| control field |
20170412151904.0 |
| 008 - FIXED-LENGTH DATA ELEMENTS--GENERAL INFORMATION |
| fixed length control field |
070927r20071910pk b 001 0 eng |
| 010 ## - LIBRARY OF CONGRESS CONTROL NUMBER |
| LC control number |
2007432777 |
| 020 ## - INTERNATIONAL STANDARD BOOK NUMBER |
| International Standard Book Number |
9789693520019 |
| 020 ## - INTERNATIONAL STANDARD BOOK NUMBER |
| International Standard Book Number |
9693520017 |
| 025 ## - OVERSEAS ACQUISITION NUMBER |
| Overseas acquisition number |
P-E-2007432777; 20 |
| 040 ## - CATALOGING SOURCE |
| Original cataloging agency |
DLC |
| Transcribing agency |
DLC |
| 041 1# - LANGUAGE CODE |
| Language code of text/sound track or separate title |
eng |
| Language code of original |
ara |
| 042 ## - AUTHENTICATION CODE |
| Authentication code |
lcode |
| 043 ## - GEOGRAPHIC AREA CODE |
| Geographic area code |
a-ii--- |
| 050 00 - LIBRARY OF CONGRESS CALL NUMBER |
| Classification number |
DS425 |
| Item number |
.B5713 2007 |
| 082 ## - DEWEY DECIMAL CLASSIFICATION NUMBER |
| Classification number |
954 |
| Author Mark |
BER |
| 100 0# - MAIN ENTRY--PERSONAL NAME |
| Personal name |
Bīrūnī, Muḥammad ibn Aḥmad, |
| 240 10 - UNIFORM TITLE |
| Uniform title |
Tārīkh al-Hind. |
| Language of a work |
English |
| 245 10 - TITLE STATEMENT |
| Title |
Alberuni's India : |
| Remainder of title |
an account of the religion, philosophy, literature, geography, chronology, astronomy, customs, laws, and astrology of India, about A.D. 1030 / |
| Statement of responsibility, etc. |
edited, with notes and indices by Edward C. Sachau. |
| 260 ## - PUBLICATION, DISTRIBUTION, ETC. |
| Place of publication, distribution, etc. |
Lahore : |
| Name of publisher, distributor, etc. |
Sang-e-Meel Publications, |
| Date of publication, distribution, etc. |
2007. |
| 300 ## - PHYSICAL DESCRIPTION |
| Extent |
2 v. in 1 (752 p.) ; |
| Dimensions |
24 cm. |
| 500 ## - GENERAL NOTE |
| General note |
Originally published: London : K. Paul, Trench, Trübner & Co., 1910. |
| 504 ## - BIBLIOGRAPHY, ETC. NOTE |
| Bibliography, etc. note |
Includes bibliographical references and index. |
| 546 ## - LANGUAGE NOTE |
| Language note |
Translated from Arabic. |
| 651 #0 - SUBJECT ADDED ENTRY--GEOGRAPHIC NAME |
| Geographic name |
India |
| General subdivision |
Civilization. |
| 700 1# - ADDED ENTRY--PERSONAL NAME |
| Personal name |
Sachau, Eduard, |
| Dates associated with a name |
1845-1930. |
| 906 ## - LOCAL DATA ELEMENT F, LDF (RLIN) |
| a |
7 |
| b |
cbc |
| c |
origode |
| d |
3 |
| e |
ncip |
| f |
20 |
| g |
y-gencatlg |
| 942 ## - ADDED ENTRY ELEMENTS (KOHA) |
| Source of classification or shelving scheme |
|
| Koha item type |
Book |